000
00396nam a22001697a 4500
003
MPLRDC
005
20220104142935.0
008
210129b ||||| |||| 00| 0 eng d
082
_a
293 QYBL
100
_a
浅野八郎
245
_a
体相学
_c
陈秋帆译
250
_a
八版
260
_a
_b
希代书版有限公司
_c
1975
300
_b
平
650
_a
命相
942
_c
BK
_o
293 QYBL
999
_c
35092
_d
35082